000 00411nam a2200145Ia 4500
008 210210b1995 xxu||||| |||| 00| 0 eng d
020 _a81 7100 556 x
082 _a320.5 MUKG
100 _aMUKHERJEE (Subrata) & RAMASWAMY (Sushila), Ed.
245 _aJean Jacques Rousseau (1712-1778).
260 _aND
_bDeep & Deep Publications.
_c1995
300 _axxx,632
690 _aPolitical Thought
906 _a050708
999 _c99239
_d99239